00833nam a22001097a 4500008004100000100002500041245010000066260004300166300005000209520042100259773004300680260625b ||||| |||| 00| 0 eng d aJohar, Navtej Singh  aThe wind blew freely through his discourse: Guru Nanak and the transformation of few to wonder  aIndia International Center Quarterly  a52 (3&4), Winter 2025- Summer 2026: p.221-234 aBaba Nanak, also known as Guru Nanak was born in 1469 into a Hindu family of the khatri caste in Talwandi, a village in the province of Lahore, present day Pakistan j. S. Grewal writes, if we turn to the Punjab of Guru Nanak days we find that Islam in the Punjab had become nearly five hundred years old. Many pension, Turkish, Arab and Afghan families had scatted in the land during these five centuries (2017-18).  aIndia International Center Quarterly